000 00701nam a2200181Ia 4500
008 100920s9999 xx 000 0 und d
082 _b99749
_a28 व 930 0
100 _aनाईक कृष्णकांत.
245 _aहेर सरताज बहिर्जी नाईक.
260 _bविद्यार्थी प्रकाशन,पुणे.
_c0
300 _a24
_bसाधी
365 _b15
520 _aबा. वि. इतिहास.
630 _aहेर सरताज बहिर्जी नाईक.
650 _aबा. वि. इतिहास.
730 _aहेर सरताज बहिर्जी नाईक.
942 _cBOOK
999 _c740187
_d740184